| 000 | 01219cam a2200301 a 4500 | ||
|---|---|---|---|
| 001 | 4833899 | ||
| 003 | OSt | ||
| 005 | 20250901165818.0 | ||
| 008 | 901019s1991 nyua 001 0beng | ||
| 010 | _a 90021962 | ||
| 020 |
_a0029259657 : _c$24.95 |
||
| 040 |
_aDLC _cDLC _dDLC |
||
| 043 | _an-us--- | ||
| 050 | 0 | 0 |
_aE 842 .R36 1991 _b.R36 1991 |
| 082 | 0 | 0 |
_a973.922/092 _aB _220 |
| 100 | 1 |
_aReeves, Thomas C., _d1936- |
|
| 245 | 1 | 2 |
_aA question of character : _ba life of John F. Kennedy / _cThomas C. Reeves. |
| 260 |
_aNew York : _bFree Press ; _aToronto : _bCollier Macmillan Canada ; _aNew York : _bMaxwell Macmillan International, _cc1991. |
||
| 300 |
_axv, 510 p. : _bill. ; _c25 cm. |
||
| 504 | _aIncludes bibliographical references (p. 423-491) and index. | ||
| 600 | 1 | 0 |
_aKennedy, John F. _q(John Fitzgerald), _d1917-1963. |
| 650 | 0 |
_aPresidents _zUnited States _xBiography. |
|
| 650 | 0 |
_aPolitical leadership _zUnited States _xHistory _y20th century. |
|
| 651 | 0 |
_aUnited States _xPolitics and government _y1961-1963. |
|
| 906 |
_a7 _bcbc _corignew _d1 _eocip _f19 _gy-gencatlg |
||
| 942 |
_2lcc _cBK |
||
| 999 |
_c9544 _d9544 |
||